Statistics for Instagram Filters

Click here to take the quiz!

General Stats

  • This quiz has been taken 40 times
    (21 since last reset)
  • The average score is 7 of 20

Answer Stats

Answer% Correct
Ludwig
57%
Valencia
48%
Mayfair
48%
Crema
43%
Sierra
38%
Perpetua
38%
Hudson
38%
Slumber
38%
X-Pro II
38%
Inkwell
33%
Lo-Fi
33%
Willow
33%
Normal
33%
Rise
33%
Amaro
33%
Hefe
24%
Nashville
24%
Earlybird
19%
Brannan
19%
Jamae
0%

Score Distribution

Percentile by Number Answered

Percent of People with Each Score

Your Score History

You have not taken this quiz since the last reset